000
00379nam a2200133Ia 4500
008
100328s9999 xx 000 0 und d
082
_b
54185
100
_a
बेहेरे श्री.ना.
245
_a
फोटोग्राफी
260
_b
उदयम
630
_a
फोटोग्राफी
730
_a
फोटोग्राफी
942
_c
BOOK
999
_c
540908
_d
540905